Which One is Higher? Quiz Stats

 Plays Quiz Updated Sep 9, 2015

Challenge
Share
Tweet
Embed
Score 0/25 Timer 06:00
0 Plays Today
Option A Answer (A or B) % Correct
The height of the drop of Victoria Falls???
72.5%
The US President's salary???
71.8%
Michael Jordan's height???
68.4%
World War II military deaths???
67.4%
The constant π (pi)???
67.3%
The cruising altitude of the Concorde???
65.4%
A bogey on a Par 3???
63.6%
Ken Griffey Jr's number of career home runs ???
63.2%
France's all-time Olympic gold medal count???
61.9%
The number of books in the Old Testament???
60.6%
The population of Canada???
58.4%
The domestic unadjusted gross of The Avengers???
58.2%
The height of the Petronas Towers???
56.5%
Option A Answer (A or B) % Correct
The metro population of Sao Paulo???
54.5%
The altitude of the troposphere???
54.1%
The nominal GDP of Paraguay (2014)???
53.3%
The atomic number of lead???
50.4%
Height of Denali???
47.7%
Meryl Streep's number of Oscar nominations???
45.8%
The top of the Washington Monument???
44.4%
The height of Uluru (Ayers Rock)???
43.8%
The height of the Tokyo Skytree???
43.7%
Nebraska's mean elevation???
43.2%
Christ the Redeemer, from base to tip???
42.8%
The elevation of Santa Fe, New Mexico???
34.8%

You're not logged in!

Compare scores with friends on all Sporcle quizzes.
Join for Free
OR
Log In

You Might Also Like...

Show Comments

Extras

Top Quizzes Today


Score Distribution

Your Account Isn't Verified!

In order to create a playlist on Sporcle, you need to verify the email address you used during registration. Go to your Sporcle Settings to finish the process.

Report this User

Report this user for behavior that violates our Community Guidelines.

Details: